[Event "Ostravsky konik 2010 MCR Open"]
[Site "Ostrava"]
[Date "2010.05.03"]
[Round "3.36"]
[White "Cedikova, Katerina"]
[Black "Obsivac, Josef"]
[Result "1/2-1/2"]
[WhiteElo "2195"]
[BlackElo "2295"]
[Annotator "www.nss.cz"]
[PlyCount "90"]
[EventDate "2010.05.09"]
[EventType "swiss"]
[EventCountry "CZE"]

1. d4 d6 2. Nf3 Bg4 3. e4 Nf6 4. Nc3 c6 5. Be2 Nbd7 6. O-O e5 7. Be3 Be7 8. Qd2
O-O 9. h3 Bh5 10. Nh2 Bg6 11. f3 Qc7 12. Rfd1 Rad8 13. a3 Nb6 14. dxe5 dxe5 15.
Qe1 Nh5 16. Qf2 Nf4 17. Bf1 Ne6 18. a4 Rxd1 19. Nxd1 Bg5 20. a5 Nc8 21. Bc4
Bxe3 22. Nxe3 Nf4 23. Qe1 Qe7 24. b4 Rd8 25. Nhg4 Nd6 26. Rd1 h5 27. Nf2 Nxc4
28. Rxd8+ Qxd8 29. Nxc4 Qd4 30. Ne3 f6 31. g3 Ne6 32. c3 Qd7 33. Qd1 Qxd1+ 34.
Nfxd1 Kf8 35. Kf2 Ke7 36. Nb2 Bf7 37. h4 g6 38. Ke2 Nd8 39. Kd3 Kd7 40. Na4 Kc7
41. Nb2 b6 42. axb6+ axb6 43. Na4 Be6 44. Nb2 Nf7 45. Nbc4 Bxc4+ 1/2-1/2

[Event "Ostravsky konik 2010 MCR Open"]
[Site "Ostrava"]
[Date "2010.05.03"]
[Round "3.38"]
[White "Kriebel, Tadeas"]
[Black "Vlach, Karel"]
[Result "1-0"]
[WhiteElo "2265"]
[BlackElo "2171"]
[Annotator "www.nss.cz"]
[PlyCount "45"]
[EventDate "2010.05.09"]
[EventType "swiss"]
[EventCountry "CZE"]

1. e4 d6 2. d4 Nf6 3. Nc3 e5 4. dxe5 dxe5 5. Qxd8+ Kxd8 6. Bg5 Be6 7. O-O-O+
Nbd7 8. f4 exf4 9. Nf3 h6 10. Bxf4 Bb4 11. Nb5 Ba5 12. Nbd4 Ke7 13. Nxe6 fxe6
14. Bc4 Bb6 15. Nh4 Rhd8 16. Rhf1 Nf8 17. Be5 Be3+ 18. Kb1 Nxe4 19. Bd3 Nd2+
20. Rxd2 Bxd2 21. Bxg7 Bg5 22. Bxf8+ Rxf8 23. Ng6+ 1-0

[Event "Ostravsky konik 2010 MCR Open"]
[Site "Ostrava"]
[Date "2010.05.03"]
[Round "3.39"]
[White "Hladik, Lumir"]
[Black "Pacl, Vaclav"]
[Result "0-1"]
[WhiteElo "2065"]
[BlackElo "2263"]
[Annotator "www.nss.cz"]
[PlyCount "58"]
[EventDate "2010.05.09"]
[EventType "swiss"]
[EventCountry "CZE"]

1. e4 d6 2. d4 Nf6 3. Nc3 g6 4. f3 c6 5. Be3 Qb6 6. Qc1 Qc7 7. Bd3 Nbd7 8. Nge2
b5 9. a3 Bb7 10. Qd2 a6 11. Nd1 Bg7 12. Nf2 O-O 13. h4 e5 14. c3 d5 15. h5 c5
16. Bh6 Rae8 17. Bxg7 Kxg7 18. Ng4 dxe4 19. Qh6+ Kg8 20. hxg6 fxg6 21. fxe4
exd4 22. O-O-O Bxe4 23. Bxe4 Rxe4 24. Rde1 Rxg4 25. g3 Re4 26. Nf4 Qe5 27. Ref1
Nh5 28. Nd3 Rxf1+ 29. Rxf1 Qxg3 0-1

[Event "Ostravsky konik 2010 MCR Open"]
[Site "Ostrava"]
[Date "2010.05.03"]
[Round "3.40"]
[White "Mrva, Marek"]
[Black "Valickova, Martina"]
[Result "0-1"]
[WhiteElo "2248"]
[BlackElo "2072"]
[Annotator "www.nss.cz"]
[PlyCount "80"]
[EventDate "2010.05.09"]
[EventType "swiss"]
[EventCountry "CZE"]

1. e4 e5 2. Nf3 Nc6 3. Bc4 Nf6 4. d3 Be7 5. h3 O-O 6. Bb3 d6 7. c3 Na5 8. Bc2
c5 9. Nbd2 Nc6 10. Nf1 d5 11. Qe2 Re8 12. g4 Bf8 13. Ng3 Be6 14. Bg5 b5 15. Bh4
Be7 16. Nf5 Bxf5 17. gxf5 d4 18. Rg1 Nd7 19. Bxe7 Qxe7 20. Bb3 Nf6 21. Ng5 Rf8
22. O-O-O Na5 23. Rg3 Nxb3+ 24. axb3 h6 25. h4 Kh8 26. Rdg1 a5 27. Nh3 Rg8 28.
f4 a4 29. bxa4 Rxa4 30. fxe5 Qxe5 31. Ng5 Qf4+ 32. Kc2 Ra7 33. Nh3 Qe5 34. Qd2
c4 35. Nf4 dxc3 36. Qe3 Ra2 37. d4 Qxe4+ 38. Kxc3 b4+ 39. Kxc4 Qc2+ 40. Kb5
Rb8# 0-1

[Event "Ostravsky konik 2010 MCR Open"]
[Site "Ostrava"]
[Date "2010.05.03"]
[Round "3.41"]
[White "Bartos, Jan"]
[Black "Olsarova, Tereza"]
[Result "1/2-1/2"]
[WhiteElo "2201"]
[BlackElo "2269"]
[Annotator "www.nss.cz"]
[PlyCount "111"]
[EventDate "2010.05.09"]
[EventType "swiss"]
[EventCountry "CZE"]

1. d4 Nf6 2. c4 c5 3. d5 e6 4. Nc3 exd5 5. cxd5 d6 6. e4 g6 7. Bd3 Bg7 8. h3
O-O 9. Nf3 b5 10. Bxb5 Nxe4 11. Nxe4 Qa5+ 12. Nfd2 Qxb5 13. Nxd6 Qd7 14. N2c4
Ba6 15. O-O Rd8 16. a4 Bxc4 17. Nxc4 Qxd5 18. Qxd5 Rxd5 19. Be3 Na6 20. Rfd1
Rad8 21. Rxd5 Rxd5 22. Kf1 f5 23. g3 Nb4 24. Rc1 Kf7 25. Ke2 Ke6 26. Rd1 Nc2
27. Rc1 Nd4+ 28. Bxd4 Bxd4 29. b3 Rd7 30. f3 Kd5 31. Ne3+ Bxe3 32. Kxe3 Rb7 33.
Rc3 Rb4 34. Rd3+ Rd4 35. h4 a5 36. Rc3 c4 37. bxc4+ Rxc4 38. Rd3+ Kc6 39. Rd4
Rb4 40. Rd8 Rxa4 41. Rh8 Rb4 42. Rxh7 a4 43. Ra7 Kb5 44. Ra8 Kc4 45. Kf4 Kb3+
46. Kg5 a3 47. Kxg6 Ra4 48. Re8 a2 49. Re1 a1=Q 50. Rxa1 Rxa1 51. Kxf5 Kc4 52.
h5 Ra5+ 53. Kg6 Ra6+ 54. Kg7 Ra7+ 55. Kg6 Ra6+ 56. Kg7 1/2-1/2

[Event "Ostravsky konik 2010 MCR Open"]
[Site "Ostrava"]
[Date "2010.05.03"]
[Round "3.42"]
[White "Sochorova, Petra"]
[Black "Adamek, Jiri"]
[Result "0-1"]
[WhiteElo "2140"]
[BlackElo "2254"]
[Annotator "www.nss.cz"]
[PlyCount "112"]
[EventDate "2010.05.09"]
[EventType "swiss"]
[EventCountry "CZE"]

1. f4 d5 2. Nf3 g6 3. g3 Bg7 4. Bg2 Nf6 5. O-O O-O 6. d3 c6 7. h3 Nbd7 8. Qe1
Qc7 9. c3 e5 10. fxe5 Nxe5 11. Nxe5 Qxe5 12. Bf4 Qe6 13. Qf2 Re8 14. Bg5 Nd7
15. Bd2 f5 16. Re1 Nf6 17. Na3 Bd7 18. Nc2 Qe7 19. a4 Qf8 20. a5 Nh5 21. Bf3
Nf6 22. Bg2 Qf7 23. Be3 a6 24. Bd4 Rac8 25. b4 Qe6 26. Rab1 Rf8 27. Bc5 Rf7 28.
Nd4 Qe8 29. Nf3 Bh6 30. Qd4 Nh5 31. Qe5 Bg7 32. Qxe8+ Bxe8 33. Ng5 Rd7 34. g4
Nf4 35. d4 Bf7 36. Bf1 h6 37. Nf3 Be6 38. e3 Nxh3+ 39. Bxh3 fxg4 40. Ng5 hxg5
41. Bg2 Bf5 42. Rb2 Re8 43. Rbe2 Bd3 44. Rd2 Be4 45. Bxe4 Rxe4 46. Rf2 g3 47.
Rf3 Bh6 48. Kg2 g4 49. Rf6 Rf7 50. Rxg6+ Kh7 51. Rd6 Bxe3 52. Rh1+ Kg7 53. Rd8
Bg5 54. Rdh8 Rf2+ 55. Kxg3 Rf3+ 56. Kg2 Re2+ 0-1

[Event "Ostravsky konik 2010 MCR Open"]
[Site "Ostrava"]
[Date "2010.05.03"]
[Round "3.43"]
[White "Folk, Petr"]
[Black "Kapusta, Petr"]
[Result "1-0"]
[WhiteElo "2244"]
[BlackElo "2186"]
[Annotator "www.nss.cz"]
[PlyCount "57"]
[EventDate "2010.05.09"]
[EventType "swiss"]
[EventCountry "CZE"]

1. e4 c5 2. Nf3 d6 3. d4 cxd4 4. Nxd4 Nf6 5. Nc3 a6 6. Bg5 e6 7. f4 Be7 8. Qf3
Qc7 9. O-O-O O-O 10. Qg3 Nbd7 11. Be2 b5 12. e5 dxe5 13. fxe5 Qxe5 14. Nc6 Qxg3
15. Nxe7+ Kh8 16. hxg3 Bb7 17. Bf3 Bxf3 18. gxf3 Ne5 19. Bxf6 gxf6 20. f4 Nc4
21. Ne4 Kg7 22. Rh2 f5 23. Ng5 h6 24. Nf3 Ne3 25. Rdh1 Rfd8 26. Rxh6 Ng4 27.
Rh7+ Kf6 28. Nc6 Rd6 29. Nfe5 1-0

[Event "Ostravsky konik 2010 MCR Open"]
[Site "Ostrava"]
[Date "2010.05.03"]
[Round "3.44"]
[White "Potomak, Vladimir"]
[Black "Kocur, Valter"]
[Result "1/2-1/2"]
[WhiteElo "2232"]
[BlackElo "2139"]
[Annotator "www.nss.cz"]
[PlyCount "116"]
[EventDate "2010.05.09"]
[EventType "swiss"]
[EventCountry "CZE"]

1. c4 Nf6 2. d4 g6 3. g3 Bg7 4. Bg2 O-O 5. Nf3 d5 6. cxd5 Nxd5 7. O-O c6 8. e4
Nf6 9. Nc3 Bg4 10. h3 Bxf3 11. Bxf3 Qd7 12. Bg2 Na6 13. Be3 Rfd8 14. Qb3 e6 15.
Rfd1 h6 16. Rac1 Qe7 17. a3 Rd7 18. Qc4 Rad8 19. b4 Ne8 20. Rd2 Kh7 21. Rcd1 f5
22. f3 Nac7 23. Qb3 Nf6 24. Na4 b6 25. Nb2 fxe4 26. fxe4 e5 27. Qc4 exd4 28.
Rxd4 Rxd4 29. Bxd4 Nb5 30. Bf2 Rxd1+ 31. Nxd1 Nxa3 32. Qxc6 Nd7 33. Qa4 Nc4 34.
Qxa7 Qd6 35. Qa4 b5 36. Qb3 Nde5 37. Bc5 Qd2 38. Ne3 Qe1+ 39. Kh2 Nd2 40. Qd1
Qf2 41. Nf1 Nxf1+ 42. Qxf1 Qc2 43. Qxb5 Nf3+ 44. Kh1 Ne1 45. Qf1 Nd3 46. Be3
Nxb4 47. e5 Qc3 48. Bf4 Nd3 49. e6 Nxf4 50. gxf4 Qf6 51. Bd5 Bf8 52. Qe2 Bd6
53. Qe4 Be7 54. Bc4 Kg7 55. Kg2 Bd6 56. Kf3 Bc7 57. Bd3 Bd6 58. h4 h5 1/2-1/2

[Event "Ostravsky konik 2010 MCR Open"]
[Site "Ostrava"]
[Date "2010.05.03"]
[Round "3.45"]
[White "Chlevistan, Jakub"]
[Black "Umanec, Filip"]
[Result "1/2-1/2"]
[WhiteElo "2111"]
[BlackElo "2226"]
[Annotator "www.nss.cz"]
[PlyCount "118"]
[EventDate "2010.05.09"]
[EventType "swiss"]
[EventCountry "CZE"]

1. Nf3 d5 2. e3 c6 3. c4 e6 4. d4 f5 5. Bd3 Nf6 6. O-O Bd6 7. Nc3 O-O 8. Bd2
Nbd7 9. cxd5 cxd5 10. Nb5 Be7 11. Rc1 Nb6 12. Ba5 Bd7 13. Qb3 Bxb5 14. Qxb5
Nfd7 15. Rc2 Bd6 16. Rfc1 Qe7 17. a3 Rab8 18. Qb3 Na8 19. Bb4 a6 20. Bxd6 Qxd6
21. Qb4 Qxb4 22. axb4 Nab6 23. Nd2 Rfc8 24. Nb3 Rxc2 25. Rxc2 Rc8 26. Na5 Rxc2
27. Bxc2 Nc4 28. Nxb7 Nxb2 29. Nd8 Nf8 30. Kf1 g6 31. Ke2 Kg7 32. Kd2 Nc4+ 33.
Kc3 a5 34. bxa5 Nxa5 35. Bd3 Kf6 36. Kb4 Ke7 37. Nxe6 Nxe6 38. Kxa5 Kd6 39. f4
Nc7 40. Kb6 Ne8 41. Be2 Nf6 42. Bf3 h6 43. h3 g5 44. fxg5 hxg5 45. g4 f4 46.
exf4 gxf4 47. h4 Ne4 48. g5 Nd2 49. Bg4 f3 50. h5 f2 51. Bh3 Nf3 52. g6 Ke7 53.
Kc5 Ng5 54. Bf1 Ne4+ 55. Kxd5 Ng3 56. Bc4 Kf6 57. g7 Kxg7 58. Ke5 Nxh5 59. d5
Kf7 1/2-1/2

[Event "Ostravsky konik 2010 MCR Open"]
[Site "Ostrava"]
[Date "2010.05.03"]
[Round "3.46"]
[White "Splichal, Stanislav"]
[Black "Taus, Martin"]
[Result "1-0"]
[WhiteElo "2219"]
[BlackElo "2099"]
[Annotator "www.nss.cz"]
[PlyCount "79"]
[EventDate "2010.05.09"]
[EventType "swiss"]
[EventCountry "CZE"]

1. d4 Nc6 2. Nf3 d5 3. g3 Bf5 4. Bg2 Qd7 5. c4 e6 6. O-O Nf6 7. Nc3 Ne4 8. Nh4
Nxc3 9. bxc3 Be4 10. f3 Bg6 11. cxd5 exd5 12. Nxg6 hxg6 13. e4 Be7 14. Qb3
O-O-O 15. Rb1 Na5 16. Qb5 Qxb5 17. Rxb5 Nc4 18. Rxd5 Rxd5 19. exd5 Rd8 20. Re1
Bf6 21. Bh3+ Kb8 22. Bf1 Nb6 23. c4 Bxd4+ 24. Kg2 Bc5 25. h4 Na4 26. Bg5 f6 27.
Bd2 c6 28. Bf4+ Kc8 29. Bd3 f5 30. Bc2 Nb2 31. dxc6 bxc6 32. Re6 Kb7 33. Rxg6
Nxc4 34. Rxg7+ Ka6 35. Bb3 Ne3+ 36. Kh3 Rd2 37. h5 Rf2 38. h6 Rf1 39. Bxe3 Bxe3
40. Bc4+ 1-0

[Event "Ostravsky konik 2010 MCR Open"]
[Site "Ostrava"]
[Date "2010.05.03"]
[Round "3.47"]
[White "Novotny, Jaroslav"]
[Black "Vacek, Antonin"]
[Result "1-0"]
[WhiteElo "2217"]
[BlackElo "2092"]
[Annotator "www.nss.cz"]
[PlyCount "31"]
[EventDate "2010.05.09"]
[EventType "swiss"]
[EventCountry "CZE"]

1. e4 e6 2. d4 b6 3. Nc3 Bb7 4. Nge2 Bb4 5. a3 Be7 6. Ng3 c5 7. d5 d6 8. dxe6
fxe6 9. Bc4 Bc8 10. Qg4 d5 11. exd5 Nf6 12. Qxg7 Rg8 13. Qh6 exd5 14. Nxd5 Rg6
15. Nxf6+ Bxf6 16. Qxh7 1-0

[Event "Ostravsky konik 2010 MCR Open"]
[Site "Ostrava"]
[Date "2010.05.04"]
[Round "4.1"]
[White "Kanovsky, David"]
[Black "Navara, David"]
[Result "0-1"]
[WhiteElo "2489"]
[BlackElo "2718"]
[Annotator "www.nss.cz"]
[PlyCount "52"]
[EventDate "2010.05.09"]
[EventType "swiss"]
[EventCountry "CZE"]

1. e4 c5 2. Nf3 d6 3. d4 cxd4 4. Nxd4 Nf6 5. Nc3 a6 6. Bg5 Nbd7 7. f4 Qc7 8.
Qf3 h6 9. Bh4 g5 10. fxg5 hxg5 11. Bxg5 Qc5 12. Nf5 e6 13. Be3 Qb4 14. O-O-O
exf5 15. Qxf5 Rh5 16. Qf3 Be7 17. Be2 Ne5 18. Qf4 Bg4 19. Bxg4 Nc4 20. Rd3
Qxb2+ 21. Kd1 Qa1+ 22. Bc1 Nb2+ 23. Ke2 Nxd3 24. cxd3 Qxc3 25. Bxh5 Nxh5 26.
Qh6 Qg7 0-1

[Event "Ostravsky konik 2010 MCR Open"]
[Site "Ostrava"]
[Date "2010.05.04"]
[Round "4.2"]
[White "Orsag, Milan"]
[Black "Simacek, Pavel"]
[Result "1/2-1/2"]
[WhiteElo "2419"]
[BlackElo "2518"]
[Annotator "www.nss.cz"]
[PlyCount "46"]
[EventDate "2010.05.09"]
[EventType "swiss"]
[EventCountry "CZE"]

1. d4 Nf6 2. c4 c5 3. d5 e6 4. Nc3 exd5 5. cxd5 d6 6. Nf3 g6 7. Nd2 Nbd7 8. e4
Bg7 9. Be2 O-O 10. O-O Re8 11. Re1 Ne5 12. Nf1 a6 13. a4 h5 14. h3 Rb8 15. Qc2
c4 16. a5 b5 17. axb6 Qxb6 18. Ne3 Qb3 19. Qd2 Nfd7 20. Ra3 Qb4 21. Ra4 Qb3 22.
Ra3 Qb4 23. Ra4 Qb3 1/2-1/2

[Event "Ostravsky konik 2010 MCR Open"]
[Site "Ostrava"]
[Date "2010.05.04"]
[Round "4.3"]
[White "Polak, Tomas"]
[Black "Krejci, Jan ml"]
[Result "1-0"]
[WhiteElo "2525"]
[BlackElo "2455"]
[Annotator "www.nss.cz"]
[PlyCount "185"]
[EventDate "2010.05.09"]
[EventType "swiss"]
[EventCountry "CZE"]

1. d4 Nf6 2. c4 e6 3. Nf3 d5 4. Bg5 c6 5. Nc3 h6 6. Bxf6 Qxf6 7. e3 g6 8. Bd3
Bg7 9. O-O O-O 10. Ne5 Qe7 11. cxd5 exd5 12. f4 Nd7 13. Qf3 Nxe5 14. fxe5 Be6
15. Ne2 Qg5 16. Qf4 Rae8 17. Rac1 Kh7 18. h4 Qg4 19. Ng3 h5 20. Be2 Qxf4 21.
exf4 Bh6 22. Rce1 f5 23. Rc1 a5 24. Bd3 Rc8 25. Ne2 Rf7 26. Nc3 b5 27. g3 Bf8
28. Rf2 Rb7 29. Bf1 Bd7 30. Rfc2 Re8 31. Nd1 Re6 32. Nf2 Kg7 33. Nd3 Kf7 34.
Kf2 Ra7 35. Ke3 Be8 36. Be2 Bd7 37. Bf3 Ra6 38. Ke2 Ra7 39. Nf2 Ra6 40. Nd1 Re8
41. Kf2 Ke6 42. Be2 Rb6 43. Ne3 Be7 44. Bd3 Rh8 45. Be2 Rf8 46. Bf3 Rd8 47. Nf1
Ra8 48. Nd2 Be8 49. Nb3 Bd7 50. Rd1 Ra7 51. Nc1 Rb8 52. Nd3 Ra6 53. Rdc1 Rab6
54. Rd2 Rd8 55. Bd1 Ra8 56. Bb3 Rd8 57. a3 Be8 58. Rdc2 Rdb8 59. a4 b4 60. Rd2
Rd8 61. Re1 Rb7 62. Rc2 Rb6 63. Rec1 Ra8 64. Ne1 Bd7 65. Ng2 Be8 66. Ne3 Rd8
67. Nf1 Ra6 68. Nh2 Bd7 69. Nf3 Rb6 70. Ke3 Rh8 71. Ng5+ Bxg5 72. fxg5 Rf8 73.
Rc5 Ra8 74. Rh1 Rbb8 75. Rhc1 Rb6 76. Bd1 Ke7 77. b3 Ke6 78. Be2 Ke7 79. Bd3
Ke6 80. R1c2 Ke7 81. Kf4 Kf7 82. g4 hxg4 83. h5 gxh5 84. Bxf5 Bxf5 85. Kxf5 Kg7
86. g6 Kh6 87. Rxc6 Rxc6 88. Rxc6 g3 89. g7+ Kh7 90. Rg6 h4 91. Rg4 Kg8 92. Kf6
Ra7 93. e6 1-0

[Event "Ostravsky konik 2010 MCR Open"]
[Site "Ostrava"]
[Date "2010.05.04"]
[Round "4.4"]
[White "Vokac, Marek"]
[Black "Stocek, Jiri"]
[Result "1/2-1/2"]
[WhiteElo "2454"]
[BlackElo "2593"]
[Annotator "www.nss.cz"]
[PlyCount "141"]
[EventDate "2010.05.09"]
[EventType "swiss"]
[EventCountry "CZE"]

1. g3 d5 2. Bg2 Nf6 3. d3 h6 4. Nd2 e5 5. e3 Bd6 6. a3 O-O 7. Ne2 Re8 8. c4 c6
9. Qc2 a5 10. b3 Bf5 11. Bb2 Nbd7 12. e4 dxe4 13. dxe4 Bg4 14. h3 Bxe2 15. Kxe2
Qb6 16. Rhf1 Bc5 17. Rad1 Bd4 18. Bxd4 Qxd4 19. Rfe1 Qb6 20. Kf1 Nc5 21. Re3
Rad8 22. Rb1 Rd7 23. b4 axb4 24. axb4 Qd8 25. Nf3 Ne6 26. Qc3 Nd4 27. Ne1 b6
28. Ra1 Qe7 29. Ra6 Ra7 30. Rxa7 Qxa7 31. Nd3 Qe7 32. Re1 c5 33. bxc5 bxc5 34.
Qa5 Rc8 35. Rb1 Qe6 36. Kg1 Qd6 37. Qa3 Rd8 38. Ne1 Ne6 39. Bf3 Ng5 40. Kg2
Ngxe4 41. Rd1 Nd2 42. Nc2 Qc7 43. Ne3 Nxf3 44. Rxd8+ Qxd8 45. Kxf3 Qc8 46. Qa7
h5 47. Qe7 Qxh3 48. Qxe5 Qc8 49. Ke2 Qc6 50. f3 Qb6 51. g4 hxg4 52. fxg4 Qe6
53. Qxe6 fxe6 54. Kf3 Kf7 55. Kf4 Nd7 56. Nd1 e5+ 57. Kf5 g6+ 58. Kg5 Nb6 59.
Nb2 Kg7 60. Nd3 Nd7 61. Nf2 Kf7 62. Kh4 Nb6 63. Ne4 Nxc4 64. Nxc5 Nd2 65. Kg5
Nf3+ 66. Kh6 Nd4 67. Ne4 Ne6 68. Nd6+ Ke7 69. Nc4 Kf6 70. Nxe5 Kxe5 71. Kxg6
1/2-1/2

[Event "Ostravsky konik 2010 MCR Open"]
[Site "Ostrava"]
[Date "2010.05.04"]
[Round "4.5"]
[White "Biolek, Richard ml"]
[Black "Rasik, Vitezslav"]
[Result "1/2-1/2"]
[WhiteElo "2405"]
[BlackElo "2480"]
[Annotator "www.nss.cz"]
[PlyCount "50"]
[EventDate "2010.05.09"]
[EventType "swiss"]
[EventCountry "CZE"]

1. e4 c5 2. Nf3 e6 3. d4 cxd4 4. Nxd4 Nf6 5. Nc3 d6 6. g4 h6 7. h3 Nc6 8. Be3
Bd7 9. Bg2 Ne5 10. O-O Nc4 11. Bc1 Rc8 12. Nce2 b5 13. b3 Nb6 14. f4 e5 15. Nf5
Qc7 16. Ba3 d5 17. fxe5 Qxe5 18. Qc1 dxe4 19. Bb2 Qc5+ 20. Bd4 Qxc2 21. Qe1
Nbd5 22. Rc1 Qxa2 23. Rxc8+ Bxc8 24. Nc3 Qxb3 25. Nxe4 Be6 1/2-1/2

[Event "Ostravsky konik 2010 MCR Open"]
[Site "Ostrava"]
[Date "2010.05.04"]
[Round "4.6"]
[White "Mudrak, Josef"]
[Black "Konopka, Michal"]
[Result "1/2-1/2"]
[WhiteElo "2368"]
[BlackElo "2458"]
[Annotator "www.nss.cz"]
[PlyCount "47"]
[EventDate "2010.05.09"]
[EventType "swiss"]
[EventCountry "CZE"]

1. e4 d6 2. d4 Nf6 3. Nc3 g6 4. Nf3 Bg7 5. Be2 O-O 6. h3 c6 7. O-O Nbd7 8. a4
Qc7 9. a5 Rb8 10. Be3 b5 11. axb6 axb6 12. Qd2 Bb7 13. Bh6 e5 14. Qg5 Rfe8 15.
Bxg7 Kxg7 16. dxe5 dxe5 17. Nh4 Ng8 18. Rad1 h6 19. Qg3 Kh7 20. Bc4 Ndf6 21.
Qe3 Bc8 22. Nf3 Be6 23. Nd2 Rbd8 24. Bxe6 1/2-1/2

[Event "Ostravsky konik 2010 MCR Open"]
[Site "Ostrava"]
[Date "2010.05.04"]
[Round "4.7"]
[White "Hracek, Zbynek"]
[Black "Plat, Vojtech"]
[Result "1-0"]
[WhiteElo "2632"]
[BlackElo "2401"]
[Annotator "www.nss.cz"]
[PlyCount "63"]
[EventDate "2010.05.09"]
[EventType "swiss"]
[EventCountry "CZE"]

1. e4 c5 2. Nf3 Nc6 3. d4 cxd4 4. Nxd4 g6 5. c4 Bg7 6. Be3 Nf6 7. Nc3 d6 8. Be2
O-O 9. O-O Bd7 10. Nc2 Rc8 11. f3 Ne8 12. Qd2 f5 13. exf5 Bxf5 14. Nd4 Bd7 15.
Rfe1 Nf6 16. Rad1 Qa5 17. a3 Nh5 18. Bf1 Rf7 19. Ndb5 Ne5 20. b4 Qd8 21. c5 a6
22. Nd4 Qf8 23. cxd6 exd6 24. Nd5 b5 25. Nb6 Re8 26. Nxd7 Nxd7 27. Qa2 Bxd4 28.
Bxd4 Ne5 29. a4 Rb8 30. axb5 axb5 31. Bxe5 dxe5 32. Rd7 1-0

[Event "Ostravsky konik 2010 MCR Open"]
[Site "Ostrava"]
[Date "2010.05.04"]
[Round "4.8"]
[White "Votava, Jan"]
[Black "Bures, Jaroslav"]
[Result "1/2-1/2"]
[WhiteElo "2587"]
[BlackElo "2327"]
[Annotator "www.nss.cz"]
[PlyCount "43"]
[EventDate "2010.05.09"]
[EventType "swiss"]
[EventCountry "CZE"]

1. g3 Nf6 2. Bg2 d5 3. f4 Nc6 4. Nf3 Bg4 5. Ne5 e6 6. Nxg4 Nxg4 7. e4 h5 8. c3
dxe4 9. Bxe4 f5 10. Bf3 Qd7 11. h3 Nf6 12. d4 Bd6 13. Nd2 h4 14. Nc4 hxg3 15.
Ne5 Bxe5 16. fxe5 Ne4 17. Bxe4 fxe4 18. Qg4 O-O-O 19. O-O Rdf8 20. Be3 Ne7 21.
Rxf8+ Rxf8 22. Qxe4 1/2-1/2

[Event "Ostravsky konik 2010 MCR Open"]
[Site "Ostrava"]
[Date "2010.05.04"]
[Round "4.9"]
[White "Kovar, Vojtech"]
[Black "Babula, Vlastimil"]
[Result "0-1"]
[WhiteElo "2337"]
[BlackElo "2536"]
[Annotator "www.nss.cz"]
[PlyCount "82"]
[EventDate "2010.05.09"]
[EventType "swiss"]
[EventCountry "CZE"]

1. d4 Nf6 2. Nf3 e6 3. g3 b5 4. Bg2 d5 5. O-O Nbd7 6. Qd3 a6 7. Nbd2 Bb7 8. b3
c5 9. c3 Be7 10. Bb2 O-O 11. Rac1 Qb6 12. Qb1 a5 13. a3 Rfc8 14. Rfe1 c4 15. b4
Qc7 16. Qc2 h6 17. Rb1 Bd6 18. Bc1 Bc6 19. Nh4 Re8 20. e4 e5 21. Nf5 axb4 22.
axb4 exd4 23. Nxd4 Qb6 24. Re3 Bb7 25. h3 Be5 26. Bb2 Bxd4 27. cxd4 dxe4 28. d5
Nxd5 29. Rxe4 N5f6 30. Qc3 Bxe4 31. Nxe4 Rxe4 32. Bxe4 Qxf2+ 33. Kxf2 Nxe4+ 34.
Ke3 Nxc3 35. Bxc3 Nb6 36. Be5 f6 37. Bd4 Ra3+ 38. Ke4 Na4 39. Rg1 Kf7 40. h4
Rb3 41. Bc5 Nc3+ 0-1

[Event "Ostravsky konik 2010 MCR Open"]
[Site "Ostrava"]
[Date "2010.05.04"]
[Round "4.12"]
[White "Jedlicka, Ales"]
[Black "Bernasek, Jan"]
[Result "0-1"]
[WhiteElo "2293"]
[BlackElo "2495"]
[Annotator "www.nss.cz"]
[PlyCount "110"]
[EventDate "2010.05.09"]
[EventType "swiss"]
[EventCountry "CZE"]

1. Nf3 f5 2. g3 Nf6 3. Bg2 g6 4. d4 Bg7 5. O-O O-O 6. c4 d6 7. Nc3 Nc6 8. d5
Na5 9. Nd2 c5 10. Qc2 e5 11. dxe6 Bxe6 12. b3 Nc6 13. Bb2 Nd4 14. Qd1 Qe7 15.
e3 Nc6 16. Qe2 Bf7 17. Rad1 g5 18. Nd5 Nxd5 19. Bxg7 Kxg7 20. cxd5 Ne5 21. f4
gxf4 22. exf4 Ng6 23. Qd3 Qf6 24. Nc4 Be8 25. Rfe1 Bd7 26. Na5 Rab8 27. b4 Rfc8
28. bxc5 Rxc5 29. Nb3 Rc3 30. Qd4 Qxd4+ 31. Nxd4 Kf6 32. Rb1 b5 33. Nc6 Rb7 34.
Na5 Rb6 35. Rec1 Rc5 36. Nb3 Rxc1+ 37. Rxc1 Ra6 38. Rc7 Nf8 39. Rc2 Ra4 40. Rd2
Ng6 41. Nd4 Ne7 42. Nc6 Nc8 43. Bf1 a6 44. Nb8 Be8 45. Re2 Bf7 46. Nd7+ Kg6 47.
Bh3 Bxd5 48. Re8 Rc4 49. Rf8 Ne7 50. Rf6+ Kg7 51. Rxd6 Rc1+ 52. Kf2 Rc2+ 53.
Kg1 Rxa2 54. Bxf5 Rg2+ 55. Kf1 Nxf5 0-1

[Event "Ostravsky konik 2010 MCR Open"]
[Site "Ostrava"]
[Date "2010.05.04"]
[Round "4.13"]
[White "Velicka, Petr"]
[Black "Ramik, Zdenek"]
[Result "1-0"]
[WhiteElo "2479"]
[BlackElo "2267"]
[Annotator "www.nss.cz"]
[PlyCount "81"]
[EventDate "2010.05.09"]
[EventType "swiss"]
[EventCountry "CZE"]

1. e4 e5 2. Nf3 d6 3. d4 exd4 4. Nxd4 Nf6 5. Nc3 Be7 6. Bf4 O-O 7. Qd2 Nc6 8.
O-O-O Nxd4 9. Qxd4 Be6 10. f3 a6 11. g4 b5 12. h4 c5 13. Qd2 b4 14. Nd5 Bxd5
15. exd5 Qa5 16. Bc4 Nd7 17. Rde1 Nb6 18. Qd3 Rfe8 19. g5 Bf8 20. Rxe8 Rxe8 21.
h5 b3 22. cxb3 Nxc4 23. Qxc4 Re1+ 24. Rxe1 Qxe1+ 25. Kc2 Qf2+ 26. Bd2 Qxf3 27.
Qxa6 Qxh5 28. a4 Qh1 29. Qd3 h5 30. gxh6 gxh6 31. a5 Bg7 32. a6 Qa1 33. Bc1 h5
34. Qb5 h4 35. Qa4 Qxa4 36. bxa4 h3 37. Bf4 Be5 38. Bxe5 dxe5 39. a7 h2 40.
a8=Q+ Kg7 41. d6 1-0

[Event "Ostravsky konik 2010 MCR Open"]
[Site "Ostrava"]
[Date "2010.05.04"]
[Round "4.14"]
[White "Volosin, Leonid"]
[Black "Danes, Jaroslav"]
[Result "1-0"]
[WhiteElo "2452"]
[BlackElo "2261"]
[Annotator "www.nss.cz"]
[PlyCount "129"]
[EventDate "2010.05.09"]
[EventType "swiss"]
[EventCountry "CZE"]

1. d4 d5 2. c4 c6 3. e3 Nf6 4. Nf3 e6 5. Nbd2 Nbd7 6. Bd3 Be7 7. O-O O-O 8. e4
dxe4 9. Nxe4 Nxe4 10. Bxe4 Nf6 11. Bc2 c5 12. Bg5 Bd7 13. Qd3 g6 14. dxc5 Bc6
15. Qc3 Nd7 16. Bxe7 Qxe7 17. b4 a5 18. a3 axb4 19. axb4 Rac8 20. Nd4 Qf6 21.
Ra3 e5 22. Nxc6 Qxc6 23. Ba4 Qc7 24. Bxd7 Qxd7 25. Qxe5 b6 26. cxb6 Rxc4 27.
Ra7 Qd4 28. Qxd4 Rxd4 29. Rb1 Rb8 30. b7 Rd7 31. Ra8 Rdxb7 32. Rxb8+ Rxb8 33.
b5 Rb6 34. Kf1 Kf8 35. Ke2 Ke7 36. Kd3 Kd7 37. Rb4 Kc7 38. Rf4 f6 39. Rb4 Kb7
40. f4 f5 41. Rb2 Rd6+ 42. Kc4 Re6 43. Kc5 Re1 44. Rc2 h6 45. Rc3 g5 46. Rh3
gxf4 47. Rxh6 Rc1+ 48. Kd4 Rg1 49. Ke5 Rxg2 50. Kxf4 Rf2+ 51. Kg5 f4 52. Kg4 f3
53. b6 Rf1 54. Kg3 Ka6 55. h4 Kb7 56. Rf6 Rg1+ 57. Kh2 Rb1 58. h5 f2 59. Kg2
f1=Q+ 60. Rxf1 Rxb6 61. Kg3 Kc7 62. Rh1 Kd7 63. h6 Rb8 64. h7 Rh8 65. Kg4 1-0

[Event "Ostravsky konik 2010 MCR Open"]
[Site "Ostrava"]
[Date "2010.05.04"]
[Round "4.15"]
[White "Meduna, Eduard"]
[Black "Havlikova, Kristyna"]
[Result "1/2-1/2"]
[WhiteElo "2443"]
[BlackElo "2251"]
[Annotator "www.nss.cz"]
[PlyCount "85"]
[EventDate "2010.05.09"]
[EventType "swiss"]
[EventCountry "CZE"]

1. d4 Nf6 2. c4 g6 3. Nc3 d5 4. Bf4 Bg7 5. e3 c5 6. dxc5 Qa5 7. Rc1 dxc4 8.
Bxc4 O-O 9. Nge2 Qxc5 10. Qb3 Nc6 11. Nb5 Qh5 12. Ng3 Qh4 13. Nc7 e5 14. Bxe5
Nxe5 15. Nxa8 Bd7 16. Nc7 Bc6 17. Nd5 Nxd5 18. Bxd5 Bxd5 19. Qxd5 Qb4+ 20. Kf1
Qxb2 21. Ne2 b5 22. Qb3 Qd2 23. Rd1 Nc4 24. Nc1 Rd8 25. Rxd2 Nxd2+ 26. Ke2 Nxb3
27. Nxb3 Rc8 28. Kd3 Rc3+ 29. Kd2 f5 30. Rb1 a6 31. Rc1 Rxc1 32. Kxc1 Be5 33.
h3 Bc7 34. Nc5 a5 35. a4 bxa4 36. Nxa4 Kf7 37. Kc2 Ke6 38. Kd3 Kd5 39. f3 Bd6
40. Kc3 Bb4+ 41. Kd3 Bd6 42. Kc3 Bb4+ 43. Kd3 1/2-1/2